|
|
|
|
| LEADER |
01116nam a2200277 a 4500 |
| 001 |
4963225 |
| 008 |
091021s1997 dcua i000 0 eng d |
| 010 |
|
|
|a \\\97028972
|
| 020 |
|
|
|a 0821340247 (pbk.)
|
| 040 |
|
|
|a DLC
|c DLC
|d DLC
|
| 082 |
0 |
0 |
|a 362.5/8/09597
|2 21
|
| 100 |
1 |
|
|a Prescott, Nicholas M.
|
| 245 |
1 |
0 |
|a Poverty, social services, and safety nets in Vietnam /
|c Nicholas Prescott.
|
| 260 |
|
|
|a Washington, D.C. :
|b World Bank,
|c c1997.
|
| 300 |
|
|
|a 1 v. (various pagings) :
|b ill. ;
|c 28 cm.
|
| 490 |
1 |
|
|a World Bank discussion paper,
|x 0259-210X ;
|v no. 376
|
| 541 |
1 |
|
|e 00007141
|
| 650 |
|
0 |
|a Human services
|z Vietnam.
|
| 650 |
|
0 |
|a Human services
|z Vietnam
|x Finance.
|
| 650 |
|
0 |
|a Public welfare
|z Vietnam.
|
| 650 |
|
0 |
|a Poor
|x Services for
|z Vietnam.
|
| 651 |
|
0 |
|a Vietnam
|x Social policy.
|
| 830 |
|
0 |
|a World Bank discussion papers ;
|v 376.
|
| 852 |
4 |
|
|a Ayesha Abed Library
|j General shelf
|
| 999 |
|
|
|c 4764
|d 4764
|
| 952 |
|
|
|0 0
|1 0
|2 ddc
|4 0
|6 362_580959700000000_PRE
|7 0
|9 4572
|a BRACUL
|b BRACUL
|c GEN
|d 2009-10-22
|g 0.00
|l 0
|o 362.5809597 PRE
|p 3010007141
|r 2009-10-22
|t 1
|w 2009-10-22
|y BK
|x No price found in the accession register.
|